Economics / (Record no. 9037)
[ view plain ]
| 000 -LEADER | |
|---|---|
| fixed length control field | 00832pam a2200265 a 4500 |
| 001 - CONTROL NUMBER | |
| control field | 4417442 |
| 003 - CONTROL NUMBER IDENTIFIER | |
| control field | OSt |
| 005 - DATE AND TIME OF LATEST TRANSACTION | |
| control field | 20240702150518.0 |
| 008 - FIXED-LENGTH DATA ELEMENTS--GENERAL INFORMATION | |
| fixed length control field | 931222s1994 nyua 001 0 eng |
| 010 ## - LIBRARY OF CONGRESS CONTROL NUMBER | |
| LC control number | 93049083 |
| 020 ## - INTERNATIONAL STANDARD BOOK NUMBER | |
| International Standard Book Number | 0673469794 |
| 040 ## - CATALOGING SOURCE | |
| Original cataloging agency | DDC |
| Transcribing agency | MUST |
| 082 00 - DEWEY DECIMAL CLASSIFICATION NUMBER | |
| Classification number | 330 LIB 1994 |
| Edition number | 20 |
| 100 1# - MAIN ENTRY--PERSONAL NAME | |
| Personal name | Lipsey, Richard G., |
| 9 (RLIN) | 18238 |
| 245 10 - TITLE STATEMENT | |
| Title | Economics / |
| Statement of responsibility, etc. | Richard G. Lipsey, Paul N. Courant, Douglas D. Purvis. |
| 250 ## - EDITION STATEMENT | |
| Edition statement | 8th Canadian ed. |
| 260 ## - PUBLICATION, DISTRIBUTION, ETC. (IMPRINT) | |
| Place of publication, distribution, etc. | New York : |
| Name of publisher, distributor, etc. | HarperCollins College Publishers, |
| Date of publication, distribution, etc. | 1994. |
| 300 ## - PHYSICAL DESCRIPTION | |
| Extent | xxv, 874 p.: |
| Other physical details | col. ill. ; |
| Dimensions | 27 cm. |
| 504 ## - BIBLIOGRAPHY, ETC. NOTE | |
| Bibliography, etc | Includes index. |
| 650 #0 - SUBJECT ADDED ENTRY--TOPICAL TERM | |
| Topical term or geographic name as entry element | Economics. |
| 9 (RLIN) | 975 |
| 700 1# - ADDED ENTRY--PERSONAL NAME | |
| Personal name | Courant, Paul N. |
| 9 (RLIN) | 18369 |
| 700 1# - ADDED ENTRY--PERSONAL NAME | |
| Personal name | Purvis, Douglas D. |
| 9 (RLIN) | 18370 |
| 942 ## - ADDED ENTRY ELEMENTS (KOHA) | |
| Source of classification or shelving scheme | Dewey Decimal Classification |
| Koha item type | Open Shelf |
| Withdrawn status | Lost status | Source of classification or shelving scheme | Damaged status | Not for loan | Home library | Current library | Source of acquisition | Inventory number | Total Checkouts | Full call number | Barcode | Date last seen | Koha item type |
|---|---|---|---|---|---|---|---|---|---|---|---|---|---|
| Dewey Decimal Classification | MUST Main Library | MUST Main Library | Purchase | 05/24172 | 330 LIB 1994 | 2024-21682 | 02/07/2024 | Open Shelf | |||||
| Dewey Decimal Classification | MUST Main Library | MUST Main Library | Purchase | 05/24172 | 330 LIB 1994 | 2024-21691 | 02/07/2024 | Open Shelf |
